| 000 | 00563nam a2200205Ia 4500 | ||
|---|---|---|---|
| 001 | b1912-22398 [891] | ||
| 003 | IT-MiCISF | ||
| 008 | 161014s9999||||xx |||||||||||||| ||und|| | ||
| 040 |
_aIT-MiCISF _cIT-MiCISF |
||
| 041 | _ait | ||
| 100 | _aBateson Gregory | ||
| 245 | 0 | _aVerso un'ecologia della mente | |
| 250 | _a1a ed. | ||
| 260 |
_a Milano _bAdelphi _c1976 [Edizione originale: 1972] |
||
| 300 | _ap. 533 | ||
| 500 | _a / salute-mentale, alcolismo, malattie-mentali, persona / | ||
| 650 | _asalute-cura | ||
| 942 | _cBK | ||
| 957 | _71 | ||
| 999 |
_a22398 _bsi _g1 _c215613 _d215613 |
||